| 000 | 00734nam a2200193 a 4500 | ||
|---|---|---|---|
| 005 | 20240924065953.0 | ||
| 008 | 991125s1991 mx 000 0 spa u | ||
| 035 | _aUPN01000054257 | ||
| 049 | _aF | ||
| 050 | 4 |
_aLB5 _bD5.4 no.20 |
|
| 100 | 1 |
_aEzpeleta Moyano, Justa _932319 |
|
| 245 | 1 | 0 |
_aSobre las funciones del consejo técnico : _beficacia pedagógica y estructura de poder en la escuela primaria / _cJusta Ezpeleta M. |
| 260 |
_aMéxico : _bIPN, Centro de Investigación y de Estudios Avanzados, Departamento de Investigaciones Educativas, _c1991. |
||
| 300 | _a17 p. | ||
| 440 | 0 |
_aDocumento DIE ; _v20 |
|
| 650 | 4 |
_aEscuelas _xDirección y organización _9346 |
|
| 650 | 4 |
_aESCUELAS PRIMARIAS - _zMEXICO _921952 |
|
| 905 | _aLibro | ||
| 999 |
_c54257 _d54257 |
||